000 01095nam a22003257a 4500
003 CHAP
005 20220329135020.0
008 971013s1974 r 00010 d
010 _a29598
011 _a30570
035 _a34682
040 _cCHAP
082 _a658.01
_bM3Y
100 0 0 _aMager, Robert F.
_969834
245 _aMejor dirección mayor eficiencia en la escuela y el trabajo
260 _aMéxico, D.F. :
_bPax-México,
_c1974
300 _a137 p.
_b: ilus
590 _aBATCH-UPD
_b10
_c20130110
_lUCH01
_h2057
590 _aBATCH-UPD
_b10
_c20130410
_lUCH01
_h1410
590 _aBATCH-UPD
_b10
_c20130914
_lUCH01
_h1705
590 _aCONVERSION
_b10
_c20130109
_lUCH01
_h1317
650 1 4 _aEficiencia industrial.
_935746
650 1 4 _aPersonal
_xAdministración de.
_987325
700 0 _aPipe, Peter.
_988484
901 _aBK
942 _cLIBRO
949 _a658.01 M3Y
_bBC
_cLIBRO
_d-80198
_eLIBRO
_h40915
_i34682
_mD
_si
949 _a658.01 M3Y
_bBC
_cLIBRO
_d-80199
_eLIBRO
_fc.2
_h40916
_i34682
_mD
_si
949 _a658.01 M3Y
_bBC
_cLIBRO
_d33724000127999
_eLIBRO
_fc.3
_h40917
_i34682
_mD
_si
999 _c29598
_d29598